| 000 | 00375nam a2200145Ia 4500 | ||
|---|---|---|---|
| 008 | 230312s9999||||xx |||||||||||||| ||und|| | ||
| 020 | _a0-07-162442-8 | ||
| 082 |
_a615.7 _bBRU-P |
||
| 100 | _aBrunton;Laurence.L | ||
| 245 | 0 | _aPharmacological Basis of Therapeutics | |
| 260 |
_bMcGraw Hill _aIndia _c2011 |
||
| 300 | _a1004 | ||
| 650 |
_aMedical _vPharmacology |
||
| 942 | _cBK | ||
| 999 |
_c11324 _d11324 |
||